| 000 | 01292nam a22002657a 4500 | ||
|---|---|---|---|
| 999 |
_c21862 _d21862 |
||
| 003 | AR-CdUCM | ||
| 008 | 190425b ||||| |||| 00| 0 spa d | ||
| 040 |
_aMUNICIPALIDAD PROVINCIAL DEL CUSCO _cBIBLIOTECA MUNICIPAL DEL CUSCO |
||
| 082 | _aRev.DIMA/N°8-9/1941 | ||
| 110 |
_aInstituto Arqueológico del Cuzco _930920 |
||
| 245 |
_aRevista del Instituto Arqueológico / _cLuis A. Pardo, director, Universidad Nacional del Cusco |
||
| 260 |
_aCusco : _bH.G. Rozas, _c1941. |
||
| 300 |
_a110 páginas. : _bilustraciones, 01 plano ; _c21 cm. |
||
| 440 |
_aRevista del Instituto Arqueológico. _nAño V, primer y segundo semestre, 1941. N°8 y 9. _946546 |
||
| 500 | _aMachupijchu una joya arquitectónica de los Incas | ||
| 505 | _aContenido: Prologo del Dr. José Gabriel Cosio. -- Ruinas del tránsito. -- Machupijchu. -- Teorías sobre el origen de Machupijchu. -- Otras opiniones. -- Huainapijchu. -- Las ruinas de Cedrobamba. -- Descubrimientos de dos nuevas ciudades en la zona de Cedrobamba. | ||
| 650 |
_aArqueología cusqueña _99322 |
||
| 650 |
_aMachupicchu _91751 |
||
| 650 |
_aArquitectura Inka _945226 |
||
| 650 |
_aInkas _91899 |
||
| 700 |
_aPardo, Luis A _925736 |
||
| 710 |
_aUniversidad Nacional de San Antonio Abad del Cusco _915942 |
||
| 942 |
_2ddc _cPP |
||
| 945 | _arac | ||